000 00586cas a22001935a 4500
001 L128318
008 041215c2004 xxkbr p 0 a0eng u
022 1 _a1748-3646
035 _a(Sirsi) u128318
041 0 _aeng
245 0 0 _aGIS Professional
260 _aStevenage
_bPV Publications
_c2004-
362 _aLondon: (1) November/December 2004-
362 0 _aEdinburgh: (4) May/June 2005-
651 4 _aUnited Kingdom
690 _aENVIRONMENTAL AND LAND CONSULTANCY-GEOMATICS
856 _uhttps://www.gisprofessional.co.uk
_zOnline (subscription required)
942 _n0
_2ddc
999 _c118789
_d118789